Statistics for Island Countries that Start with an S

Click here to take the quiz!

General Stats

  • This quiz has been taken 205 times
  • The average score is 8 of 9

Answer Stats

Country% Correct
St. Kitts and Nevis
95%
St. Lucia
95%
St. Vincent and the Grenadines
94%
Seychelles
93%
Samoa
87%
Sao Tome and Principe
87%
Sri Lanka
86%
Singapore
79%
Solomon Islands
79%

Score Distribution

Percentile by Number Answered

Percent of People with Each Score

Your Score History

You have not taken this quiz